Real variable /

Guardado en:
Autor Principal: Hyslop, James M.
Formato: Libro
Idioma:English
Publicado: Edinburgh : New York : Oliver and Boyd ; Interscience, 1960.
Series:University mathematical texts
Etiquetas: Agregar Etiqueta
Sin Etiquetas, Sea el primero en etiquetar este registro!
LEADER 00522nam a22001695a 4500
001 MAT.inmabb001116
008 031120s1960####stk###########000#0#eng#d
005 20170811122439.0
245 1 0 |a Real variable /  |c James M. Hyslop. 
260 |a Edinburgh :  |b Oliver and Boyd ;  |a New York :  |b Interscience,  |c 1960. 
300 |a viii, 136 p. ;  |c 19 cm. 
440 0 |a University mathematical texts 
510 4 |a MR,  |c 22 #5699 
100 1 |a Hyslop, James M. 
084 |a 26-XX  |2 msc2000 
044 |a stk  |a nyu 
859 |h 26  |i H999  |p A-1081  |b BIB. MATEMATICA